01513ngm a2200313 a 450000500170000000800370001704100080005408200160006211000360007824500930011425000180020730000450022549000280027052003830029860000630068160000540074460000520079865000400085065000430089065000370093365000430097094200130101326400350102633600270106133700330108833800280112104000350114999900150118420220317001841.0170410s2009 c g 000 0 s aspa04a523.1bD37c2 aDiscovery Communications97793510aCuriosityb¿cómo se creó el universo?cDiscovery communicationshvideodisco digital a1a. edición a1 DVD (43 minutos)bsonido, colorc12 cm aDiscovery en la escuela aGracias a esta serie nos sumergiremos en el mundo de las preguntas imposibles que todos nos hemos hecho en ocasiones y conoceremos las respuestas a algunos enigmas que no hemos podido responder. Curiosity, viaja por diferentes disciplinas como el espacio, la biología, la física, la tecnología, la naturaleza y la mente humana para buscar respuesta a las grandes preguntas14aAristarco de samosd310 A. C.-230 A. CvVideodiscos97792814aGaliley, Galileod1564 - 1642vVideodiscos97792914aEinstein, Albertd1879-1955vVideodiscos977930142LEMBaEspacio exteriorvVideodiscos142LEMBaOrigen de la tierravVideodiscos142LEMBaSistema solarvVideodiscos142LEMBaOrigen del universovVideodiscos 2ddccDVD aBogotábMS Tv & Videosc2009 atextobtxt2rdacontent asin mediaciónbn2rdamedia avolumenbnc2rdacarrier aCO-BoRNBPbspaerdacCO-BoRNBP c8305d8305